Πλαίσια και παράγοντες που επιδρούν στη διαμόρφωση της τέχνης στην Ελλάδα : πρακτικά Β' Συνεδρίου Εικαστικών Τεχνών
Saved in:
| Corporate Author: | |
|---|---|
| Other Authors: | |
| Format: | Conference Proceeding Book |
| Language: | Greek |
| Published: |
Αθήνα :
Επιμελητήριο Εικαστικών Τεχνών Ελλάδος,
1992
|
| Subjects: | |
| Tags: |
Add Tag
No Tags, Be the first to tag this record!
|
MARC
| LEADER | 00000cam a2200000 i 4500 | ||
|---|---|---|---|
| 001 | 1/17769 | ||
| 008 | 010301s1992 gre d | ||
| 020 | |a 960-85229-0-0 | ||
| 035 | |l 10066255 | ||
| 040 | |a GR-MY-UA |b gre |e aacr | ||
| 041 | 0 | |a gre | |
| 082 | 0 | |a 709 | |
| 111 | 2 | |a Συνέδριο Εικαστικών Τεχνών |n (2ο : |d 1990 : |c Αθήνα) | |
| 245 | 1 | 0 | |a Πλαίσια και παράγοντες που επιδρούν στη διαμόρφωση της τέχνης στην Ελλάδα : |b πρακτικά Β' Συνεδρίου Εικαστικών Τεχνών / |c Επιμελητήριο Εικαστικών Τεχνών Ελλάδος ; επιμέλεια έκδοσης Ιωάννα Ομορφοπούλου |
| 260 | |a Αθήνα : |b Επιμελητήριο Εικαστικών Τεχνών Ελλάδος, |c 1992 | ||
| 300 | |a 527 σ.; |b εικ.; |c 28 εκ. | ||
| 500 | |a Το Συνέδριο πραγματοποιήθηκε στο Πάντειο Πανεπιστήμιο Κοινωνικών και Πολιτικών Επιστημών από τις 8-11 Νοεμβρίου 1990. | ||
| 650 | 0 | 0 | |a Art, Greek |y 20th century |x Social aspects. |
| 650 | 0 | 0 | |a Art, Greek |y 20th century |x Political aspects. |
| 650 | 0 | 0 | |a Art, Greek |y 20th century |x Congresses. |
| 700 | 1 | |a Ομορφοπούλου, Ιωάννα. |4 edt | |
| 852 | |a INST |b SYROS |e 20010301 |h 709 ΣΥΝ |p 005500001363 |q 005500001363 |t BK |y 0 | ||
| 901 | |a BIBL5-2001-1 | ||
| 909 | |a Ε |b 085691 | ||
| 970 | |a ΚΟΝΤΟΥ |b ΠΑΡΑΣΚΕΥΗ |z 2001/03/01 | ||